Prozatímní ustanovení o zastoupení a správě cirkevních záležitostí

Bibliographic Details
Format: Book
Language:Undetermined
PhysicalDescription:32 s.
Published: Víden vydané od ministra záležitostí duchovních a vyučovaní 1859

MARC

LEADER 00000nam a2200000 a 4500
001 vtls001357803
003 SK-MaSNL
005 20260224111155.0
008 180810s1859 xx 0 und
035 |a SNK000311312 
040 |a SNK  |b slo  |c SNK  |e AACR2 
041 0 |a und 
044 |a xx 
245 1 |a Prozatímní ustanovení o zastoupení a správě cirkevních záležitostí 
260 |a Víden  |b vydané od ministra záležitostí duchovních a vyučovaní  |c 1859 
300 |a 32 s. 
958 |a ONDV 
999 |c 978671  |d 980601 
952 |t P60, <03>, [BOOK], {603}  |a SNK  |b SNK  |y PREZ  |7 0  |p 17A0186154  |o snkSB 7228  |0 0  |1 0  |4 0  |d 1999-03-15  |l 0  |r 2005-01-02 00:00:00  |w 2026-02-24